| 000 | 00476cam a2200193 4500 | ||
|---|---|---|---|
| 001 | D42 | ||
| 008 | 090401t1934 xxu||||| |||| 00| 0 eng d | ||
| 035 | _a(Sirsi) u33997 | ||
| 041 | _aeng | ||
| 050 | _a526.8 | ||
| 100 | _aAdams, O. S. | ||
| 245 | _aGeneral theory of polyconic projections | ||
| 260 |
_aWashington DC _bGovernment Printing Office _c1934 |
||
| 300 | _a174p. 21cm | ||
| 350 | _a0 | ||
| 490 |
_aSpecial Publication _v57 |
||
| 942 | _n0 | ||
| 948 | _c04/03/1997 | ||
| 999 |
_c89893 _d89893 |
||